Spinning of Man Mades and Blends on Cotton System (Record no. 3800)

MARC details
000 -LEADER
fixed length control field 00369nam a2200145Ia 4500
008 - FIXED-LENGTH DATA ELEMENTS--GENERAL INFORMATION
fixed length control field 191201s2004 xx 000 0 und d
082 ## - DEWEY DECIMAL CLASSIFICATION NUMBER
Classification number 667.4
Item number SAS
100 ## - MAIN ENTRY--PERSONAL NAME
Personal name SALHOTRA, K R
245 #0 - TITLE STATEMENT
Title Spinning of Man Mades and Blends on Cotton System
250 ## - EDITION STATEMENT
Edition statement Rev.
260 ## - PUBLICATION, DISTRIBUTION, ETC. (IMPRINT)
Place of publication, distribution, etc Bombay
Name of publisher, distributor, etc Textile Institute
Date of publication, distribution, etc 2004
300 ## - PHYSICAL DESCRIPTION
Extent 330
650 ## - SUBJECT ADDED ENTRY--TOPICAL TERM
Topical term or geographic name as entry element B.Tech(TE)
942 ## - ADDED ENTRY ELEMENTS (KOHA)
Source of classification or shelving scheme Dewey Decimal Classification
Koha item type Text Books
Holdings
Withdrawn status Lost status Source of classification or shelving scheme Damaged status Not for loan Collection code Home library Current library Date acquired Source of acquisition Cost, normal purchase price Bill Number Total Checkouts Full call number Acc. no. / Barcode Date last seen Date last borrowed Bill Date Koha item type
    Dewey Decimal Classification     B.Tech(TE) PIET C-LIBRARY PIET C-LIBRARY 25/02/2009 Indian International Text Book 450.00 105 1 667.4 SAS 11268 17/06/2023 12/06/2023 28/01/2009 Text Books
    Dewey Decimal Classification     B.Tech(TE) PIET C-LIBRARY PIET C-LIBRARY 25/02/2009 Indian International Text Book 450.00 105 3 667.4 SAS 11269 06/06/2025 20/08/2024 28/01/2009 Text Books
    Dewey Decimal Classification     B.Tech(TE) PIET C-LIBRARY PIET C-LIBRARY 25/02/2009 Indian International Text Book 450.00 105 1 667.4 SAS 11270 08/02/2021 21/12/2020 28/01/2009 Text Books
    Dewey Decimal Classification     B.Tech(TE) PIET C-LIBRARY PIET C-LIBRARY 25/02/2009 Indian International Text Book 450.00 105 2 667.4 SAS 11271 11/09/2025 10/09/2025 28/01/2009 Text Books
    Dewey Decimal Classification     B.Tech(TE) PIET C-LIBRARY PIET C-LIBRARY 25/02/2009 Indian International Text Book 450.00 105 7 667.4 SAS 11272 28/01/2026 18/08/2025 28/01/2009 Text Books

Design & Developed by: PIET Central Library
R70 Miles Stone Pattikalyana Samalkha Panipat 132102
mail ID :- [email protected], Phone No:- 0180-2569700 Ex.216